zpět

Detail výsledku týmu

Mama Shelter - Holešovice, Praha

Datum a čas kvízu

27.5 Celkem bodů Celkový počet nahraných bodů na tomto kvízu bez doplňovacích otázek.
10. Pořadí na kvízu Konečné umístění týmu na tomto kvízu.

Zaznamenané odpovědi

# Otázka Odpověď Body Výsledky
1. V minulém týdnu objevil na Pál... C) houby 0
2. Minulý týden jsme se dozvěděli... Roland 0
3. Ve čtvrtek vstoupil do českých... Já, padouch / Despicable Me (4); Waze 0.5
4. V jednom evropském státě se ro... Řecko 0
5. Začátkem týdne byla představen... Alpine Pro, Jan Černý 0.5
6. Téma začneme u českého filmu,... (Jaroslav a Dana) Stodolovi 0
7. Ve filmu V hlavě z roku 2015 j... A) úzkost 1
8. V březnu 2024 jsme se dočkali... 1C 2A 3B 4D 1
9. Premiéru má každý rok velké mn... C 0
10. V roce 2024 přišlo do kin rovn... Frank Herbert, Spasitel Duny 1